000 00318nam a22001577a 4500
003 SGT
020 _a9789355429827
082 _a005.7
_bWIC
100 _aWICKHAM HADLEY
245 _aR FOR DATA SCIENCE
250 _a2ND
260 _aINDIA
_bSPD
_c2023
300 _a550
650 _aSCIENCE
942 _2ddc
_cBK
_06
999 _c25228
_d25228